Comparative education at universities world wide edited by Charl Wolhunter … [et al.] ; with an introduction by Erwin H. Epstein.
Αποθηκεύτηκε σε:
| Άλλοι συγγραφείς: | , , , , |
|---|---|
| Μορφή: | Βιβλίο |
| Γλώσσα: | English Greek |
| Δημοσίευση: |
Sofia, Bulgaria :
Bureau for Educational Services,
c2008.
|
| Θέματα: | |
| Ετικέτες: |
Προσθήκη ετικέτας
Δεν υπάρχουν, Καταχωρήστε ετικέτα πρώτοι!
|
MARC
| LEADER | 00000cam a2200000 a 4500 | ||
|---|---|---|---|
| 001 | 1/120157 | ||
| 008 | 191018s2008####bu | ||| |||| ||eng|| | ||
| 020 | |a 9789549842111 | ||
| 040 | |a GR-MyUa |b gre |c GR-MyUa |e AACR2 | ||
| 041 | 0 | |a gre | |
| 082 | 7 | |a 378 |2 (23) | |
| 245 | 0 | 0 | |a Comparative education at universities world wide / |b edited by Charl Wolhunter … [et al.] ; with an introduction by Erwin H. Epstein. |
| 260 | |a Sofia, Bulgaria : |b Bureau for Educational Services, |c c2008. | ||
| 300 | |a 360 σ. : |b πίν. ; |c 24 εκ. | ||
| 504 | |a Περιλαμβάνει βιβλιογραφίες, ευρετήρια και βιβλιογραφικές παραπομπές. | ||
| 650 | 0 | |a Education, Higher |x Aims and objectives |x Cross-cultural studies. | |
| 700 | 1 | |a Wolhunter, C. C. (Charl C.) |e edt | |
| 700 | 1 | |a Popov, Nikolay, |e edt | |
| 700 | 1 | |a Manzon, Maria, |e edtf | |
| 700 | 1 | |a Leutwyler, Bruno, |e edt | |
| 700 | 1 | |a Epstein, Erwin H. |e aui | |
| 852 | |a INST |b RHODES |e 20191018 |h 378 COM |p 005400041200 |q 005400041200 |t BK |y 0 | ||
| 920 | |a Δωρεά Βιβλιοθήκης |y Ρόδος |z 2019-10 | ||
| 970 | |a Μαρία |b Κωτάκου |z 18-10-2019 | ||